Szczegóły MARC21

System prawa karnego procesowego. T. 8, Dowody. Cz. 4 /

003 -Nazwa inst., której nr kontr. jest w polu 001 [,]
    • @
    • Nazwa instytucji, której n kontrolny jest w polu 001
    • NUKAT
005 -DATA I CZAS OSTATNIEJ MODYFIKACJI [,]
    • @
    • pole kontrolne
    • 20241231085420.0
020 -Międzynarod. znormalizowany nr książki - ISBN [ , ]
    • a
    • Numer ISBN
    • 9788381079952 Find
    • q
    • Dopowiedzenie
    • t. 8 ; całość
020 -Międzynarod. znormalizowany nr książki - ISBN [ , ]
    • a
    • Numer ISBN
    • 9788381079983 Find
    • q
    • Dopowiedzenie
    • t. 8, cz. 1 i 2
020 -Międzynarod. znormalizowany nr książki - ISBN [ , ]
    • a
    • Numer ISBN
    • 9788381079990 Find
    • q
    • Dopowiedzenie
    • t. 8, cz. 3 i 4
020 -Międzynarod. znormalizowany nr książki - ISBN [ , ]
    • a
    • Numer ISBN
    • 9788381605977 Find
    • q
    • Dopowiedzenie
    • t. 8, cz. 1
020 -Międzynarod. znormalizowany nr książki - ISBN [ , ]
    • a
    • Numer ISBN
    • 9788381079969 Find
    • q
    • Dopowiedzenie
    • t. 8, cz. 2
020 -Międzynarod. znormalizowany nr książki - ISBN [ , ]
    • a
    • Numer ISBN
    • 9788381604611 Find
    • q
    • Dopowiedzenie
    • t. 8, cz. 3
020 -Międzynarod. znormalizowany nr książki - ISBN [ , ]
    • a
    • Numer ISBN
    • 9788381079976 Find
    • q
    • Dopowiedzenie
    • t. 8, cz. 4
020 -Międzynarod. znormalizowany nr książki - ISBN [ , ]
    • a
    • Numer ISBN
    • 9788327800800 Find
    • q
    • Dopowiedzenie
    • t. 1-3
020 -Międzynarod. znormalizowany nr książki - ISBN [ , ]
    • a
    • Numer ISBN
    • 9788326488146 Find
    • q
    • Dopowiedzenie
    • t. 4-18
040 -Instytucja sporządzająca opis [ , ]
    • a
    • Instytucja, która sporządziła opis (NP)
    • WA M/MM
    • b
    • Język katalogowania
    • pol
    • e
    • Zasady katalogowania
    • rda
    • c
    • Instytucja, która sporządziła rekord (NP)
    • WA M/MM
    • d
    • Instytucja, która zmodyfikowała rekord (P)
    • WR U/PAdap
    • d
    • Instytucja, która zmodyfikowała rekord (P)
    • WA U/mgs
942 -Rodzaj dokumentu [ , ]
    • c
    • Rodzaj dokumentu
    • Książka
245 -Strefa tytułu i oznaczenia odpowiedzialności [0,0]
    • a
    • Tytuł
    • System prawa karnego procesowego. Find
    • n
    • Oznaczenie części (P)
    • T. 8,
    • p
    • Nazwa części (P)
    • Dowody.
    • n
    • Oznaczenie części (P)
    • Cz. 4 /
    • c
    • Pozostałe elementy strefy tytułu i oznaczenia odpowiedzialności (NP)
    • redakcja naukowa Jerzy Skorupka ; autorzy: Marcin Adamczyk, Michał Błoński, Łukasz Cora, Dorota Czerwińska, Dagmara Gruszecka, Ryszard Jaworski, Jerzy Kasprzak, Monika Klejnowska, Radosław Koper, Karolina Kremens, Michał Kurowski, Martyna Kusak, Arkadiusz Lach, Tadeusz Widła, Paweł Wiliński, Kazimierz Zgryzek, Marcin Żak.
246 -Wariant tytułu [1,8]
    • a
    • Tytuł (NP)
    • System :
    • b
    • Ciąg dalszy tytułu (NP)
    • dowody
246 -Wariant tytułu [3,0]
    • a
    • Tytuł (NP)
    • Dowody
260 -Strefa adresu wydawniczego [ , ]
    • a
    • Miejsce wydania (P)
    • Warszawa :
    • b
    • Nazwa wydawcy (P)
    • Wolters Kluwer,
    • c
    • Data wydania (P)
    • 2019.
300 -Strefa opisu fizycznego [ , ]
    • a
    • Określenie formy książki i/lub objętość (NP)
    • Strony [8], 4113-5408, [8] ;
    • c
    • Format (NP)
    • 25 cm.
336 -Typ zawartości [ , ]
    • a
    • Termin opisujący typ zawartości
    • Tekst
    • b
    • Kod określający zawartość
    • txt
    • 2
    • Źródło (terminu i kodu)
    • rdacontent
337 -Typ mediów [ , ]
    • a
    • Tryb odtwarzania
    • Bez urządzenia pośredniczącego
    • b
    • Kod typu mediów
    • n
    • 2
    • Źródło (terminu i kodu)
    • rdamedia
338 -Typ/rodzaj nośnika [ , ]
    • a
    • Hasło opisujące typ nośnika
    • Wolumin
    • b
    • Kod typu nośnika
    • nc
    • 2
    • Źródło (terminu i kodu)
    • rdacarrier
500 -Uwaga ogólna [ , ]
    • a
    • Uwaga ogólna (NP)
    • Opis według okładki, oznaczenie tomu na stronie 3 oraz przy numerach ISBN.
500 -Uwaga ogólna [ , ]
    • a
    • Uwaga ogólna (NP)
    • Redaktor całości: System prawa karnego procesowego / Piotr Hofmański.
504 -Uwaga dot. bibliogr. załącznikowej [ , ]
    • a
    • Uwaga dot. bibliografii załącznikowej
    • Bibliografia na stronach 4137-4146 i przy rozdziałach. Indeks.
650 -Hasło przedmiotowe [ ,7]
    • a
    • Hasło przedmiotowe
    • Dowód (prawo karne).
    • 2
    • Źródło terminu
    • kaba
    • 9
    • KHW
    • 106287
700 -Hasło dodatkowe - nazwa osobowa [1, ]
    • a
    • Nazwa osobowa (NP)
    • Skorupka, Jerzy Find
    • d
    • Daty biograficzne (NP)
    • (1960- ).
    • e
    • Określenie rodzaju współpracy
    • Redakcja
    • 9
    • KHW
    • 41989
700 -Hasło dodatkowe - nazwa osobowa [1, ]
    • a
    • Nazwa osobowa (NP)
    • Adamczyk, Marcin Find
    • c
    • Dopowiedzenie inne niż daty biograficzne (NP)
    • (prawo).
    • e
    • Określenie rodzaju współpracy
    • Autor
    • 9
    • KHW
    • 509732
700 -Hasło dodatkowe - nazwa osobowa [1, ]
    • a
    • Nazwa osobowa (NP)
    • Gruszecka, Dagmara. Find
    • e
    • Określenie rodzaju współpracy
    • Autor
    • 9
    • KHW
    • 50153
700 -Hasło dodatkowe - nazwa osobowa [1, ]
    • a
    • Nazwa osobowa (NP)
    • Kasprzak, Jerzy Find
    • d
    • Daty biograficzne (NP)
    • (1954- ).
    • e
    • Określenie rodzaju współpracy
    • Autor
    • 9
    • KHW
    • 15995
700 -Hasło dodatkowe - nazwa osobowa [1, ]
    • a
    • Nazwa osobowa (NP)
    • Kremens, Karolina. Find
    • e
    • Określenie rodzaju współpracy
    • Autor
    • 9
    • KHW
    • 16055
700 -Hasło dodatkowe - nazwa osobowa [1, ]
    • a
    • Nazwa osobowa (NP)
    • Błoński, Michał Find
    • c
    • Dopowiedzenie inne niż daty biograficzne (NP)
    • (prawo).
    • e
    • Określenie rodzaju współpracy
    • Autor
    • 9
    • KHW
    • 91054
700 -Hasło dodatkowe - nazwa osobowa [1, ]
    • a
    • Nazwa osobowa (NP)
    • Cora, Łukasz. Find
    • e
    • Określenie rodzaju współpracy
    • Autor
    • 9
    • KHW
    • 85479
700 -Hasło dodatkowe - nazwa osobowa [1, ]
    • a
    • Nazwa osobowa (NP)
    • Czerwińska, Dorota Find
    • c
    • Dopowiedzenie inne niż daty biograficzne (NP)
    • (prawo).
    • e
    • Określenie rodzaju współpracy
    • Autor
    • 9
    • KHW
    • 509734
700 -Hasło dodatkowe - nazwa osobowa [1, ]
    • a
    • Nazwa osobowa (NP)
    • Jaworski, Ryszard. Find
    • e
    • Określenie rodzaju współpracy
    • Autor
    • 9
    • KHW
    • 509730
700 -Hasło dodatkowe - nazwa osobowa [1, ]
    • a
    • Nazwa osobowa (NP)
    • Klejnowska, Monika. Find
    • e
    • Określenie rodzaju współpracy
    • Autor
    • 9
    • KHW
    • 44965
700 -Hasło dodatkowe - nazwa osobowa [1, ]
    • a
    • Nazwa osobowa (NP)
    • Koper, Radosław. Find
    • e
    • Określenie rodzaju współpracy
    • Autor
    • 9
    • KHW
    • 19988
700 -Hasło dodatkowe - nazwa osobowa [1, ]
    • a
    • Nazwa osobowa (NP)
    • Kurowski, Michał Find
    • c
    • Dopowiedzenie inne niż daty biograficzne (NP)
    • (prawo).
    • e
    • Określenie rodzaju współpracy
    • Autor
    • 9
    • KHW
    • 89620
700 -Hasło dodatkowe - nazwa osobowa [1, ]
    • a
    • Nazwa osobowa (NP)
    • Kusak, Martyna Find
    • d
    • Daty biograficzne (NP)
    • (1987- ).
    • e
    • Określenie rodzaju współpracy
    • Autor
    • 9
    • KHW
    • 509733
700 -Hasło dodatkowe - nazwa osobowa [1, ]
    • a
    • Nazwa osobowa (NP)
    • Lach, Arkadiusz Find
    • d
    • Daty biograficzne (NP)
    • (1976- ).
    • e
    • Określenie rodzaju współpracy
    • Autor
    • 9
    • KHW
    • 82556
700 -Hasło dodatkowe - nazwa osobowa [1, ]
    • a
    • Nazwa osobowa (NP)
    • Widła, Tadeusz Find
    • d
    • Daty biograficzne (NP)
    • (1951-2020).
    • e
    • Określenie rodzaju współpracy
    • Autor
    • 9
    • KHW
    • 48883
700 -Hasło dodatkowe - nazwa osobowa [1, ]
    • a
    • Nazwa osobowa (NP)
    • Wiliński, Paweł Find
    • d
    • Daty biograficzne (NP)
    • (1975- ).
    • e
    • Określenie rodzaju współpracy
    • Autor
    • 9
    • KHW
    • 1067
700 -Hasło dodatkowe - nazwa osobowa [1, ]
    • a
    • Nazwa osobowa (NP)
    • Zgryzek, Kazimierz. Find
    • e
    • Określenie rodzaju współpracy
    • Autor
    • 9
    • KHW
    • 21259
700 -Hasło dodatkowe - nazwa osobowa [1, ]
    • a
    • Nazwa osobowa (NP)
    • Żak, Marcin. Find
    • e
    • Określenie rodzaju współpracy
    • Autor
    • 9
    • KHW
    • 509731
700 -Hasło dodatkowe - nazwa osobowa [1, ]
    • a
    • Nazwa osobowa (NP)
    • Hofmański, Piotr Find
    • d
    • Daty biograficzne (NP)
    • (1956- ).
    • e
    • Określenie rodzaju współpracy
    • Redakcja
    • 9
    • KHW
    • 11304
710 -Hasło dodatkowe - nazwa ciała zbiorowego [2, ]
    • a
    • Nazwa ciała zbiorowego lub nazwa geograficzna jako pierwszy element (NP)
    • Wolters Kluwer Polska.
    • e
    • Rodzaj współpracy
    • Wydawca
    • 4
    • Kod relacji
    • pbl
    • 9
    • KHW
    • 52677
920 -ISBN [ , ]
    • a
    • ISBN
    • 978-83-8107-995-2 Find
    • q
    • Dopowiedzenie
    • t. 8 ; całość
920 -ISBN [ , ]
    • a
    • ISBN
    • 978-83-8107-998-3 Find
    • q
    • Dopowiedzenie
    • t. 8, cz. 1 i 2
920 -ISBN [ , ]
    • a
    • ISBN
    • 978-83-8107-999-0 Find
    • q
    • Dopowiedzenie
    • t. 8, cz. 3 i 4
920 -ISBN [ , ]
    • a
    • ISBN
    • 978-83-8160-597-7 Find
    • q
    • Dopowiedzenie
    • t. 8, cz. 1
920 -ISBN [ , ]
    • a
    • ISBN
    • 978-83-8107-996-9 Find
    • q
    • Dopowiedzenie
    • t. 8, cz. 2
920 -ISBN [ , ]
    • a
    • ISBN
    • 978-83-8160-461-1 Find
    • q
    • Dopowiedzenie
    • t. 8, cz. 3
920 -ISBN [ , ]
    • a
    • ISBN
    • 978-83-8107-997-6 Find
    • q
    • Dopowiedzenie
    • t. 8, cz. 4
920 -ISBN [ , ]
    • a
    • ISBN
    • 978-83-278-0080-0 Find
    • q
    • Dopowiedzenie
    • t. 1-3
920 -ISBN [ , ]
    • a
    • ISBN
    • 978-83-264-8814-6 Find
    • q
    • Dopowiedzenie
    • t. 4-18
Numer inwentarzowy Data inwentaryzacji Status udost. Sygnatura Lokalizacja
SA.249002019-11-061SA.24900BSA